|
|
|
|
| LEADER |
01000nam a2200277 4500 |
| 001 |
DLU140162130 |
| 005 |
##20140612 |
| 040 |
# |
# |
|a DLU
|b vie
|
| 041 |
# |
# |
|a vie
|
| 044 |
# |
# |
|a vn
|
| 100 |
# |
# |
|a Trương Thị Thu Hà
|
| 245 |
# |
# |
|a Thử xác định các tiêu chí nhận diện vị từ quá trình tiếng Việt =
|b Essaying to constructing criteria for recognizing Vietnamese process - expressing predicators /
|c Trương Thị Thu Hà
|
| 246 |
# |
# |
|a Essaying to constructing criteria for recognizing Vietnamese process - expressing predicators.
|
| 653 |
# |
# |
|a Nhận thức.
|
| 653 |
# |
# |
|a Quá trình.
|
| 653 |
# |
# |
|a Tiếng Việt.
|
| 773 |
# |
# |
|t Ngôn ngữ & đời sống
|g Số 11 (205), 2012, tr. 6-18
|
| 920 |
# |
# |
|a Phòng Tạp chí -- Trung tâm Thông tin - Thư viện Trường Đại học Đà Lạt
|
| 994 |
# |
# |
|a DLU
|
| 900 |
# |
# |
|a True
|
| 911 |
# |
# |
|a Nguyễn Thị Tưởng
|
| 925 |
# |
# |
|a G
|
| 926 |
# |
# |
|a A
|
| 927 |
# |
# |
|a BB
|
| 980 |
# |
# |
|a Thư viện Trường Đại học Đà Lạt
|